000
002930000a22000970004500
100
1
_a
McConville, J.G. (J. Gordon)
245
1
0
_a
Biblical theology : Canon and plain sense
300
_a
Vol. 19, Num. 2 (2001), Páginas 134-157
773
0
_t
Scottish Bulletin of Evangelical Theology
942
_c
ANA
999
_c
55778
_d
55778